الروبوت ذلك العامل العجيب / (رقم التسجيلة. 112110)

تفاصيل مارك
000 -LEADER
fixed length control field 00639nam a22001937a 4500
005 - DATE AND TIME OF LATEST TRANSACTION
control field 20251108174543.0
008 - FIXED-LENGTH DATA ELEMENTS--GENERAL INFORMATION
fixed length control field 250721s2008 xx 000 0 ara d
020 ## - INTERNATIONAL STANDARD BOOK NUMBER
International Standard Book Number 9774085620
082 14 - DEWEY DECIMAL CLASSIFICATION NUMBER
Classification number ط/629.892/جيف
100 1# - MAIN ENTRY--PERSONAL NAME
Personal name جيفرس، ديفيد
Relator term مؤلف
245 10 - TITLE STATEMENT
Title الروبوت ذلك العامل العجيب /
264 1# - PRODUCTION, PUBLICATION, DISTRIBUTION, MANUFACTURE, AND COPYRIGHT NOTICE
Place of production, publication, distribution, manufacture الجيزة :
Name of producer, publisher, distributor, manufacturer دار الفاروق للاستثمارات الثقافية،
Date of production, publication, distribution, manufacture, or copyright notice 2008.
300 ## - PHYSICAL DESCRIPTION
Extent 31ص.
490 0# - SERIES STATEMENT
Series statement عالم الروبوت
650 17 - SUBJECT ADDED ENTRY--TOPICAL TERM
Topical term or geographic name as entry element الانسان الآلي الصناعي
653 ## - INDEX TERM--UNCONTROLLED
Uncontrolled term ناشاون صغار (10-14) سنه
942 ## - ADDED ENTRY ELEMENTS (KOHA)
Source of classification or shelving scheme Dewey Decimal Classification
Koha item type كتب
المقتنيات
حالة السحب حالة الفقدان مصدر التصنيف حالة التلف غير قابل للإعارة المكتبة الرئيسية المكتبة الحالية موقع الرف تاريخ التزويد الرقم المتسلسل Total Checkouts رقم الإستدعاء الباركود تاريخ آخر ظهور تاريخ الفاتورة نوع المادة (كوها)
    Dewey Decimal Classification     المكتبة المركزية المكتبة المركزية مقتنيات قسم التزويد 28/07/2025 1190229   ط/629.892/جيف PLD00009428 28/07/2025 28/07/2025 كتب
    Dewey Decimal Classification     مكتبة قتيبة للأطفال مكتبة قتيبة للأطفال الأطفال 15/11/2008 1228412   ط/629.892/جيف PLD00050983 28/07/2025 15/11/2008 كتب
    Dewey Decimal Classification     مكتبة البيادر مكتبة البيادر الأطفال 15/11/2008 1228413   ط/629.892/جيف PLD00050984 28/07/2025 15/11/2008 كتب
    Dewey Decimal Classification     مكتبة عدن للأطفال مكتبة عدن للأطفال الأطفال 15/11/2008 1228411   ط/629.892/جيف PLD00050982 28/07/2025 15/11/2008 كتب
    Dewey Decimal Classification     مكتبة وادي السير العامة مكتبة وادي السير العامة الأطفال 15/11/2008 1228414   ط/629.892/جيف PLD00050985 28/07/2025 15/11/2008 كتب
    Dewey Decimal Classification     مكتبةمؤتة مكتبةمؤتة الأطفال 15/11/2008 1228410   ط/629.892/جيف PLD00050981 28/07/2025 15/11/2008 كتب
Implemented & Customized by: BBB with SCIT (Smart Chains for Information Technology)

Powered by Koha